<?xml version="1.0" encoding="UTF-8"?>
<collection xmlns="http://www.loc.gov/MARC21/slim">
 <record>
  <leader>01539nam a2200205Ia 4500</leader>
  <controlfield tag="001">CTU_18868</controlfield>
  <controlfield tag="008">210402s9999    xx            000 0 und d</controlfield>
  <datafield tag="082" ind1=" " ind2=" ">
   <subfield code="a">620.106</subfield>
  </datafield>
  <datafield tag="082" ind1=" " ind2=" ">
   <subfield code="b">R313</subfield>
  </datafield>
  <datafield tag="100" ind1=" " ind2=" ">
   <subfield code="a">Reddy, Junuthula Narasimha</subfield>
  </datafield>
  <datafield tag="245" ind1=" " ind2="4">
   <subfield code="a">The finite element method in heat transfer and fluid dynamics</subfield>
  </datafield>
  <datafield tag="245" ind1=" " ind2="0">
   <subfield code="c">Junuthula Narasimha Reddy (1945-, David K Gartling</subfield>
  </datafield>
  <datafield tag="260" ind1=" " ind2=" ">
   <subfield code="a">Boca Raton, Florida</subfield>
  </datafield>
  <datafield tag="260" ind1=" " ind2=" ">
   <subfield code="b">CRC</subfield>
  </datafield>
  <datafield tag="260" ind1=" " ind2=" ">
   <subfield code="c">1994</subfield>
  </datafield>
  <datafield tag="520" ind1=" " ind2=" ">
   <subfield code="a">The book consists of 8 chapters: Chapter 1 describes the varied physical phenomena that may be encoutered within the limits of nonisothermal, incompressible, visvous flows. Chapter 2 intriduces the finite element method by application to a simplified, two-dimentional heat conduction problem. Chapter 3 extends the finite element method to three-dimentions, time dependence, and practical applications in conduction heat transfer. Chapter 4 describes isothermal viscous fluid mechanics formulations. Chapter 5 extends the viscous flow problem to consider convective heat transfer formulations and applications. Chapter 6 covers inelastic non-Newtonian flows and free surface probems. Chapter 7 surveys the complex topic of viscoelastic flow simulation. The last chapter, chapter 8, concludes the text with a survey of several advanced topics, including turbulence modeling</subfield>
  </datafield>
  <datafield tag="650" ind1=" " ind2=" ">
   <subfield code="a">finite element method,fluid dynamics,heat transmission</subfield>
  </datafield>
  <datafield tag="650" ind1=" " ind2=" ">
   <subfield code="x">mathematical models,mathematical models</subfield>
  </datafield>
  <datafield tag="904" ind1=" " ind2=" ">
   <subfield code="i">Minh, 970930</subfield>
  </datafield>
  <datafield tag="980" ind1=" " ind2=" ">
   <subfield code="a">Trung tâm Học liệu Trường Đại học Cần Thơ</subfield>
  </datafield>
 </record>
</collection>
